[Event "Bialystok Zamenhof Memorial-C 35th"]
[Site "Bialystok"]
[Date "2017.12.30"]
[Round "8.22"]
[White "Harasimczuk, Jakub"]
[Black "Lendzion, Kamil"]
[Result "0-1"]
[WhiteElo "1414"]
[BlackElo "1671"]
[PlyCount "88"]
[EventDate "2017.12.27"]
[EventType "swiss"]
[EventRounds "9"]
[EventCountry "POL"]
[SourceTitle "EXT 2023"]
[Source "ChessBase"]
[SourceDate "2022.10.05"]
[SourceVersion "1"]
[SourceVersionDate "2022.10.05"]
[SourceQuality "1"]

1. d4 d5 2. c4 e6 3. Nc3 Nf6 4. Bg5 Be7 5. e3 a6 6. cxd5 exd5 7. Nf3 c6 8. a3 0-0 9. Bd3 Nbd7 10. Qc2 h6 11. Bf4 Nb6 12. h3 Bd6 13. Ne5 Re8 14. 0-0 Qc7 15. Bh2 Nbd7 16. f4 c5 17. Rae1 c4 18. Bf5 Nf8 19. g4 g6 20. Bxc8 Qxc8 21. g5 N6h7 22. Nxd5 Qxh3 23. Qxc4 Qe6 24. e4 Rac8 25. Qd3 Bxe5 26. fxe5 hxg5 27. Re2 Rc6 28. Ref2 f6 29. Nxf6+ Nxf6 30. Rxf6 Qg4+ 31. Kh1 Rxf6 32. Rxf6 Rc8 33. Rf1 Ne6 34. b4 Kh7 35. d5 Nf4 36. Qf3 Qxf3+ 37. Rxf3 Rc1+ 38. Bg1 Ne2 39. d6 Rxg1+ 40. Kh2 g4 41. Rf7+ Kg8 42. e6 g3+ 43. Kh3 Rh1+ 44. Kg2 Rh2+ 0-1